| 000 | 00942nam a2200265 i 4500 | ||
|---|---|---|---|
| 001 | 183331 | ||
| 003 | ES-MaACL | ||
| 005 | 20250817062600.0 | ||
| 008 | 140324s2012 sp a | |||||||| | spa d | ||
| 020 | _a978-84-306-0076-2 | ||
| 080 | _a929 Unamuno, Miguel de | ||
| 100 | 1 |
_aJuaristi, Jon, _d1951- _967169 |
|
| 245 | 1 | 0 |
_aMiguel de Unamuno / _cJon Juaristi. |
| 260 |
_a[Madrid] : _bTaurus, _c[2012] |
||
| 300 |
_a520 p., [24] p. de lám. ; _c24 cm. |
||
| 490 | 1 | _aEspañoles eminentes / Fundación Juan March | |
| 500 | _aÍndice. | ||
| 600 | 1 | 4 |
_aUnamuno, Miguel de, _d1864-1936- _xBiografías _9172375 |
| 710 | 2 |
_aFundación Juan March _94346 |
|
| 830 | 1 | 0 |
_aFundación Juan March. _pEspañoles eminentes _9176604 |
| 852 |
_aES-MaACL _jA-13068 _9190270 _bR.149852 _cDEPO1 _dOlim: N-6068 _hDonación: José Luis Abellán |
||
| 903 |
_aAbellán, José Luis, _d1933-2023 _ednr _9176509 |
||
| 942 |
_2udc _cMONOGRAFIA |
||
| 999 |
_c183331 _d183331 |
||